Same Start and End 4-Letter Words Quiz Stats

 Plays Quiz Updated Mar 19, 2016

Challenge
Share
Tweet
Embed
Score 0/20 Timer 02:00
1 Play Today
Clue Answer % Correct
A detonatable explosive devicebomb
97.1%
Out of power, like a batterydead
96.5%
12:00 middaynoon
96.3%
Sound from a lion or the searoar
93.7%
Stoned or having a lot of altitudehigh
91.7%
Go for an extra point after a touchdownkick
91.6%
A big quiztest
89.4%
A light blue-green coloraqua
88.8%
Norwegian capitalOslo
88.1%
Round percussion instrument with a malletgong
87.5%
Clue Answer % Correct
The rim or boundary of somethingedge
86.8%
Microsoft's video game consoleXbox
85.3%
Fashionable or stylishchic
85%
To disfigure or wound seriouslymaim
82.5%
A temporary pause in the actionlull
81.7%
Backtalk with impudencesass
79.5%
A shoe or a machine to move fluidspump
77.8%
An official language of PakistanUrdu
62%
A feudal estatefief
56.6%
An interjection of relief or amazementwhew
55.9%

You're not logged in!

Compare scores with friends on all Sporcle quizzes.
Join for Free
OR
Log In

You Might Also Like...

Show Comments

Extras

Top Quizzes Today


Score Distribution

Your Account Isn't Verified!

In order to create a playlist on Sporcle, you need to verify the email address you used during registration. Go to your Sporcle Settings to finish the process.

Report this User

Report this user for behavior that violates our Community Guidelines.

Details: